The Japanese language : History and structure of languages
The book presupposes no previuos knowledge of Japanese language or script, and will be especially useful as a reference cource or as supplementary reading for students of Japanese or Chinese language and culture, Far Eastern history, and general linguistics.
Kaydedildi:
| Yazar: | |
|---|---|
| Materyal Türü: | Kitap |
| Dil: | Undetermined |
| Baskı/Yayın Bilgisi: |
Tokyo
Charles E. Tuttle Co.
1967
|
| Konular: | |
| Etiketler: |
Etiketle
Etiket eklenmemiş, İlk siz ekleyin!
|
| Thư viện lưu trữ: | Trung tâm Học liệu Trường Đại học Cần Thơ |
|---|
| LEADER | 00803nam a2200205Ia 4500 | ||
|---|---|---|---|
| 001 | CTU_111203 | ||
| 008 | 210402s9999 xx 000 0 und d | ||
| 082 | |a 495.6 | ||
| 082 | |b M647 | ||
| 100 | |a Miller, Roy Andrew | ||
| 245 | 4 | |a The Japanese language : | |
| 245 | 0 | |b History and structure of languages | |
| 245 | 0 | |c Roy Andrew Miller | |
| 260 | |a Tokyo | ||
| 260 | |b Charles E. Tuttle Co. | ||
| 260 | |c 1967 | ||
| 520 | |a The book presupposes no previuos knowledge of Japanese language or script, and will be especially useful as a reference cource or as supplementary reading for students of Japanese or Chinese language and culture, Far Eastern history, and general linguistics. | ||
| 650 | |a Japanese language | ||
| 904 | |i Hiếu | ||
| 980 | |a Trung tâm Học liệu Trường Đại học Cần Thơ | ||